Time almanac (Record no. 550260)
[ view plain ]
| 000 -LEADER | |
|---|---|
| fixed length control field | 00782cas a2200217 a 4500 |
| 022 0# - INTERNATIONAL STANDARD SERIAL NUMBER | |
| International Standard Serial Number | 1081-2342 |
| 082 10 - DEWEY DECIMAL CLASSIFICATION NUMBER | |
| Classification number | 030 |
| Author Mark | BRU |
| -- | L-NUST P-40 |
| 100 ## - MAIN ENTRY--PERSONAL NAME | |
| Personal name | Brunner Borgna |
| 9 (RLIN) | 46958 |
| 245 10 - TITLE STATEMENT | |
| Title | Time almanac |
| Statement of responsibility, etc. | Borgna Brunner |
| 250 ## - EDITION STATEMENT | |
| Edition statement | Multimedia ed. |
| 260 ## - PUBLICATION, DISTRIBUTION, ETC. | |
| Place of publication, distribution, etc. | Washington, D.C. : |
| Name of publisher, distributor, etc. | Compact Pub., |
| Date of publication, distribution, etc. | c1993- |
| 300 ## - PHYSICAL DESCRIPTION | |
| Extent | CD-ROMs : |
| Other physical details | sd., col. ; |
| Dimensions | 4 3/4 in. |
| 500 ## - GENERAL NOTE | |
| General note | Accompanied by: User's guide. |
| 500 ## - GENERAL NOTE | |
| General note | Ed. statement from user's guide. |
| 500 ## - GENERAL NOTE | |
| General note | Title from title screen. |
| 500 ## - GENERAL NOTE | |
| General note | Title on disc label: Time magazine almanac; title on main menu screen: Compact almanac; title on user's guide: Time magazine compact almanac. |
| 526 ## - STUDY PROGRAM INFORMATION NOTE | |
| Program name | 0 |
| Interest level | 0 |
| Reading level | 0 |
| Title point value | 030_000000000000000_BRU |
| 590 ## - LOCAL NOTE (RLIN) | |
| Local note | SERBIB/SERLOC merged record |
| 650 ## - SUBJECT ADDED ENTRY--TOPICAL TERM | |
| Topical term or geographic name entry element | NUST |
| 9 (RLIN) | 6342 |
| 942 ## - ADDED ENTRY ELEMENTS (KOHA) | |
| Source of classification or shelving scheme | |
| Koha item type | Book |
| Withdrawn status | Lost status | Source of classification or shelving scheme | Damaged status | Not for loan | Permanent Location | Current Location | Date acquired | Total Checkouts | Full call number | Barcode | Date last seen | Price effective from | Koha item type |
|---|---|---|---|---|---|---|---|---|---|---|---|---|---|
| Military College of Engineering (MCE) | Military College of Engineering (MCE) | 10/29/2014 | 030 BRU | MCE-44332 | 10/29/2014 | 10/29/2014 | Book |
